00589 a2200193 45000010006000000050017000060080041000230030015000640400040000790800072001192450041001910200018002322640052002503000018003020410008003201000024003287000024003527000019003762944720260407155604.0260407a1995 arg spa dAR-UNSa-BCEJYS aAR-UNSa-BCEJYSbspacAR-UNSa-BCEJYS a336.225xMétodo de tributación y administración de impuestos 10aInfracciones y sanciones tributarias a950-811-030-9 1aBuenos Aires :bEdiciones Nueva Técnicac1995 a87 p.c28 cm. aspa1 aRofrano, Omar Angel1 aGomez, Oscar Daniel1 aDiez, Fernando